000 00699nam a2200277Ia 4500
005 20260324132207.0
008 008 260324s9999 xx 000 0 eng d
020 _a9781003548287
037 _aEBOOK
040 _aCRL
040 _beng
040 _cCRL
041 _2eng
041 _aeng
084 _qCRL
100 _aW R Owens; P N Furbank; Liz Bellamy; J A Downie
_91188361
245 0 _aReligious and Didactic Writings of Daniel Defoe, Part I Vol 4
260 _bTaylor and Francis
260 _c2005
365 _a
365 _b34.99
856 _uhttp://www.taylorfrancis.com/books/9781003548287
942 _cEBOOK
999 _c1786258
_d1786258